| 000 | 00602nam a22002057a 4500 | ||
|---|---|---|---|
| 005 | 20240502120224.0 | ||
| 008 | 230217b |||||||| |||| 00| 0 eng d | ||
| 020 | _cRs.200.00 | ||
| 040 | _aLoreto college | ||
| 041 | _aBengali | ||
| 082 |
_a891.44 _bGAN |
||
| 100 | _aGangopadhyay,Parthajit | ||
| 245 |
_aGoenda sahitya,Byomkesh Bakshi o ananyo _cParthajit Gangopadhyay |
||
| 260 |
_a Kolkata _bEkush shatak _c2018 |
||
| 300 |
_a168p. _b21cm. |
||
| 650 | _aBengali literature | ||
| 650 | _aDetective stories,Bengali-Criticism and interpretation | ||
| 850 | _aLCLIB | ||
| 942 | _cBK | ||
| 999 |
_c43173 _d93652 |
||